000 00526nam a22001697a 4500
999 _c8628
_d8628
008 201209b ||||| |||| 00| 0 eng d
040 _aBMS College of Architecture
100 _aRenganathan, Maya
245 _aIndian museum of cinema
300 _a67p.
500 _a1BM12AT038
502 _8B,Arch
_NBMS College of Architecture, Visvesvaraya Technological University (VTU)
_aProject report
_d2016
650 _aMuseum
700 _aSowmya Muralidhar
_eGuide
700 _aSrikanth Chandrashekar
_eGuide
942 _2ddc
_cTHE